000 00512nam a2200157 i 4500
001 63028
003 ES-MaACL
007 t|
008 031127s1974 mx ||||1| spa d
100 1 _aFernández de Pinedo, Emiliano.
_949705
245 1 0 _aCrecimiento económico y transformaciones sociales del País Vasco
_b: (1100-1850) /
_cpor Emiliano Fernández de Pinedo.
250 _a[1ª ed.].
260 _aMéxico :
_bSiglo Veintiuno,
_c[1974]
300 _a500 p. ;
_c21 cm.
852 _aES-MaACL
_jE-6648
_bR.90898
999 _c63028
_d63028